Matka Kuráž a její děti kronika z třicetileté války

Bibliographic Details
Main Author: Brecht, Bertolt, 1898-1956 (Author)
Other Authors: Vápeník, Rudolf, 1911-1990 (Translator), Kundera, Ludvík, 1920-2010 (Translator), Born, Adolf, 1930-2016 (Illustrator)
Format: Book
Language:Czech
German
PhysicalDescription:105 s. ilustr. 31 cm
Published: Praha Orbis 1965
Edition:3. (1. přeprac.) vyd.
Subjects:

MARC

LEADER 00000nam a2200000 a 4500
001 vtls001386329
003 SK-MaSNL
005 20260301161509.0
008 251031s1965 xr a g 0000d cze
020 |q (viaz.) 
035 |a SNK000340486 
040 |a SNK  |b slo  |c SNK  |e AACR2 
041 1 |a cze  |h ger 
044 |a xr  |c CZ 
072 7 |a 821.112.2-2  |x Nemecká dráma, nemecky písaná  |2 konspekt 
080 |a 821.112.2-2  |2 2001 
080 |a (0:82-2)  |2 2001 
100 1 |a Brecht, Bertolt,  |d 1898-1956  |4 aut  |9 110068 
240 1 0 |a Mutter Courage und ihre Kinder  |l Česky 
245 1 0 |a Matka Kuráž a její děti  |b kronika z třicetileté války  |c Bertolt Brecht ; [z německého originálu přeložili Rudolf Vápeník a Ludvík Kundera ; ilustroval Adolf Born] 
250 |a 3. (1. přeprac.) vyd. 
260 |a Praha  |b Orbis  |c 1965 
300 |a 105 s.  |b ilustr.  |c 31 cm 
366 |e 3000 výt. 
500 |a Ilustr. na front. a predsádkach 
655 7 |a nemecké drámy  |2 SNKPH  |9 79399 
655 7 |a divadelné hry  |2 SNKPH  |9 70577 
700 1 |a Vápeník, Rudolf,  |d 1911-1990  |4 trl  |9 184395 
700 1 |a Kundera, Ludvík,  |d 1920-2010  |4 trl  |9 227511 
700 1 |a Born, Adolf,  |d 1930-2016  |4 ill  |9 55161 
958 |a OND 
999 |c 809685  |d 811615 
952 |a SNK  |b SNK  |y VYP  |7 0  |p 17A0486470  |o snkIB 17138  |i snkKIP 5115/65  |0 0  |1 0  |4 0  |d 2005-11-16  |l 0  |r 2026-02-24 02:32:25  |w 2026-02-24 
952 |a SNK  |b SNK  |y VYP  |7 0  |p 17A0233984  |o snkIB 17138 D1  |3 rekatalogizácia  |0 0  |1 1  |4 0  |d 2000-04-03  |l 0  |r 2005-01-02 00:00:00  |w 2026-02-24